Score 0/258 Timer 15:00
10 Plays Today
% Correct
▼ GAZEBO ▼ (u7j)
100%
══════════════
99.9%
▼ CONSERVA-
99.9%
TORY ▼ (12h)
99.9%
══════════════
99.9%
▼ STUDIO ▼ (hj5)
99.9%
══════════════
99.9%
▼ WARDROBE ▼ (sp9)
99.9%
══════════════
99.9%
▼ BILLIARD
99.9%
ROOM ▼ (6pw)
99.9%
══════════════
99.9%
══════════════
99.9%
══════════════
99.9%
══════════════
99.9%
══════════════
99.9%
══════════════
99.9%
▼ COURTYARD ▼ (2q6)
99.9%
Welcome to the Great
99.9%
Sporcle Mystery. See
99.9%
the Game Note above
99.9%
or just type 'INFO'
99.9%
for instructions
99.9%
on how to win.
99.9%
• • •
99.9%
To go to the
99.9%
Gazebo, type
99.9%
←'SEESUN'
99.9%
══════════════
99.9%
▼ DRAWING
99.9%
ROOM ▼ (5bv)
99.9%
══════════════
99.9%
▼ TROPHY
99.9%
ROOM ▼ (75f)
99.9%
══════════════
99.9%
Hopefully it's simple
99.9%
enough to figure
99.9%
out as you go along.
99.9%
Just do what the
99.9%
clues ask and solve
99.9%
the various puzzles
99.9%
that you encounter.
99.9%
• • •
99.9%
To go to the
99.9%
Drawing Room,
99.9%
type 'FIRSTY'↓
99.9%
══════════════
99.9%
══════════════
99.9%
══════════════
99.9%
▼ CARRIAGE
99.9%
HOUSE ▼ (bu9)
99.9%
══════════════
99.9%
▼ KITCHEN ▼ (7hn)
99.9%
══════════════
99.9%
▼ DINING
99.9%
ROOM ▼ (kz4)
99.9%
══════════════
99.9%
▼ FOUNTAIN ▼ (1ti)
99.9%
══════════════
99.9%
══════════════
99.9%
══════════════
99.9%
══════════════
99.9%
══════════════
99.9%
Type the words
89.5%
described below.
89.5%
Get up, arise:
89.5%
Smelled bad:
89.5%
Pile up:
89.5%
Extra Rope:
89.5%
Smooth, polished:
89.5%
'Empty gun' sound:
89.5%
*WORD LADDER*
89.5%
(5-letter words)
89.5%
Name the site
88.3%
where Thomas
88.3%
Jefferson is buried
88.3%
OR the capital
88.3%
of Sudan.
88.3%
•Here are the
79.5%
TEN suspects:
79.5%
Correct! Here's a clue.
77.2%
♦Clue: The
77.2%
murder weapon
77.2%
contains more
77.2%
than six letters.
77.2%
STANK
72.9%
% Correct
*Miss Cherry (d8y)
72.9%
*Col. Amber (g6k)
72.9%
Conservatory,
71.7%
STAND
71.1%
• • •
71.1%
To go to the
71.1%
↖type 'PLANTZ'
71.1%
• • •
71.1%
For the Dining Room,
71.1%
type 'LAYOUT'→
71.1%
For the Trophy Room,
71.1%
type 'PRIZED'↓
71.1%
CLICK
70.4%
♦Clue: this is NOT
70.4%
the murder room.
70.4%
*Madame Thorn (ry4)
70.4%
*Sergeant Stone (9ut)
70.4%
STACK
69.9%
*Mrs. Eggshell (pc7)
69.9%
*Mr. Olive (h58)
69.9%
SLACK
68%
*Prof. Periwinkle (9ma)
68%
*Mrs. Peapod (6cp)
68%
Unscramble these
67.7%
Chemical Elements:
67.7%
BACNOR
67.7%
IDOMUS
67.7%
CLINKE
67.7%
PROCPE
67.7%
MAILPUNT
67.7%
Name the yearly
67.6%
thoroughbred racing
67.6%
competition that is
67.6%
held in Louisville…
67.6%
…OR name the sport
67.6%
whose World Cup
67.6%
was held in New
67.6%
Zealand in 2011.
67.6%
ATALCANI
66.9%
Unscramble these
66.9%
salad dressing types:
66.9%
ARECAS
66.9%
SUHDNATO NADILS
66.9%
LUBE SECEHE
66.9%
...for an extra bonus:
66.9%
AVENGERTITI
66.9%
is NOT:
66.1%
• • •
66.1%
← '9BALL'
66.1%
♦Clue: The killer
66.1%
*Col. Amber
66.1%
*Madame Thorn
66.1%
weapons:
65.9%
• • •
65.9%
↑For the Kitchen,
65.9%
type 'SPOONZ'
65.9%
•Here are the
65.9%
EIGHT murder
65.9%
• • •
65.9%
For the Fountain↓
65.9%
type 'PENNYZ'
65.9%
suspects
65.8%
• • •
65.8%
To go to the Studio…
65.8%
♦Clue: These
65.8%
are NOT
65.8%
the killers:
65.8%
• • •
65.8%
↓…type 'HEYHOLLY'↓
65.8%
SLICK
65.3%
*M. Brunette (px3)
65.3%
*Miss Zelda (2i1)
65.3%
*MISSING WORD*
65%
2011 Films:
65%
The Adjustment ____
65%
____: Dark of the Moon
65%
Mars Needs ____
65%
____ Bosses
65%
Name the basic unit
63.1%
of Russian currency
63.1%
OR German composer
63.1%
Mozart's first name.
63.1%
$ $ $ $
63.1%
←'PRIZED'
63.1%
♪♫ ♪♫ ♪♫ ♪
63.1%
↑'LAYOUT'
63.1%
% Correct
'Looker'?
62.5%
What billiard-related
62.5%
game rhymes with
62.5%
*Mr. Olive
62.4%
Dirt:
62.3%
*Candlestick (ki1)
62.3%
*Revolver (9vs)
62.3%
*M. Brunette
62.2%
↓↓↓
62.1%
Heat to bubbling:
62.1%
Spirit; essence:
62.1%
Salad alternative:
62.1%
*WORD LADDER*
62.1%
(4-Letters)
62.1%
• • •
62%
♦Clue: The murder
62%
weapon is NOT
62%
any of these:
62%
• • •
62%
*Mrs. Eggshell
61.9%
*Rope (g95)
61.5%
*Lead Pipe (tj2)
61.5%
♦Clue: the murder
60.7%
room is NOT:
60.7%
*Miss Cherry
60.4%
BOIL
60.3%
*Kitchen
60.3%
SOIL
59%
*Trophy Room
59%
♦Clue: the murder
58.9%
room is NOT:
58.9%
*Conservatory
58.9%
*Carriage House
58.9%
*Gazebo
58.9%
♦Clue: The KILLER...
58.3%
*Knife
58.4%
…is not female.
58.3%
SOUL
58.3%
*Fountain
58.3%
*Lead Pipe
57.4%
What color is the
57.3%
6-ball in a typical
57.3%
American pool set?
57.3%
♦Clue: the murder
57.3%
room is NOT:
57.3%
*Courtyard
57.3%
*Wardrobe
57.3%
•What beet-based
56.8%
Eastern-European
56.8%
soup starts with 'b'?
56.8%
SOUP
56.8%
• • •
55.6%
(Olive didn't do it)
55.6%
◊ Secret Passage
55.6%
type 'LUVOATS'
55.6%
*MISSING WORD*
55%
Beatles albums:
55%
Beatles for ____
55%
Yellow ____
55%
____ Road
55%
◊ Secret Passage
55%
*Candlestick
54.6%
*Poison
54.6%
♦Clue: these are
53.9%
NOT involved:
53.9%
*Dining Room
53.5%
*Knife (8fq)
53.2%
*Wrench (y6x)
53.2%
*Mrs. Peapod
52.3%
*Sergeant Stone
51.8%
◊ Secret Passage
49.8%
type 'BUTTON'
49.8%
Unscramble this
49.5%
Shakespeare play:
49.5%
LINSUARCOO
49.5%
◊ Secret Passage
49.5%
See bonus column↘
46.5%
*Horseshoe
45.5%
*Poison (27p)
43.6%
*Horseshoe (4uh)
43.6%
room's name
38%
is one word.
38%
♦Clue: the murder
38%
»GAME WINNER«
22.2%
»YOU SOLVED THE MYSTERY«
22.2%
»GAME WINNER«
22.2%
Remove Ads.
Support Sporcle.
Get the best of Sporcle when you Go Orange. This ad-free experience offers more features, more stats, and more fun while also helping to support Sporcle. Thank you for becoming a member.

You're not logged in!

Compare scores with friends on all Sporcle quizzes.
OR
Log In

Sporcle TV

Today on Sporcle TV


Watch our educational content, quiz creation guides, and fun videos on Sporcle TV.

Show Comments

Extras

Top Quizzes Today


Score Distribution

Paid Content

Your Account Isn't Verified!

In order to create a playlist on Sporcle, you need to verify the email address you used during registration. Go to your Sporcle Settings to finish the process.

Report this User

Report this user for behavior that violates our Community Guidelines.

Details: